| 000 | 00415nam a22001577a 4500 | ||
|---|---|---|---|
| 003 | PILC | ||
| 005 | 20150903130522.0 | ||
| 008 | 150903b xxu||||| |||| 00| 0 eng d | ||
| 020 | _a0733510841 | ||
| 050 |
_aPZ 7 _b.F791 1998 |
||
| 100 | _aFox, Susan. | ||
| 245 |
_aA wedding in the family / _cSusan Fox. |
||
| 260 |
_aSydney : _bHarlequin Mills & Boon, _c1998. |
||
| 300 |
_a187 pages ; _c19 cm. |
||
| 942 |
_2lcc _cBK |
||
| 999 |
_c288591 _d288591 |
||